000 00789nam a22001937a 4500
999 _c18613
_d18613
003 AR-CdUCM
008 190514b ||||| |||| 00| 0 spa d
040 _aMUNICIPALIDAD PROVINCIAL DEL CUSCO
_cBIBLIOTECA MUNICIPAL DEL CUSCO
082 _a341.31 /
_bR21
100 _aRamirez Novoa, E.
_911953
245 _aRecuperación de la Brea y Pariñas :
_bsoberanía nacional y desarrollo económico /
260 _aLima :
_b28 de Julio.
300 _a181 páginas ;
_c21 cm.
505 _aEl problema de Brea y Pariñas -- Derecho internacional y derecho nacional -- El triunfo del nacionalización en América Latina -- La empresa petrolera fiscal -- Las inversiones extrajeras...
650 _aBrea y Pariñas.
_91701
650 _aPetroleo.
_91700
942 _2ddc
_cLIBROS
945 _awfj